| 000 | 00927nas a2200277 4500 | ||
|---|---|---|---|
| 001 | BR0200287 | ||
| 003 | BR-BrBNA | ||
| 005 | 20231205102705.0 | ||
| 007 | ta | ||
| 008 | 230509b bl.|||p| |||| 00| 00por d | ||
| 040 |
_aBR-BrBNA _bpor _cBiblioteca Nacional de Agricultura |
||
| 041 | _a(En) | ||
| 072 | _aL72 | ||
| 100 | 1 | _aMarchiori, C.H. | |
| 100 | 1 | _aMendes, J. | |
| 100 | 1 | _aLinhares, A.X. | |
| 245 | 1 | _aFirst report of Paraganaspis egeria Díaz Gallardo (Himenoptera: Eucoilidae)parasiting horn fly, Haematobia irritans L. (Diptera: Muscidae)in the Southeastern Brazil | |
| 650 | _aMOSCA DOS CHIFRES | ||
| 650 | _aPARASITO DE ANIMAL | ||
| 650 | _aPUPA | ||
| 650 | _aFEZES | ||
| 650 | _aBOVINO | ||
| 773 | 0 |
_tArquivo Brasileiro de Medicina Veterinária e Zootecnia (Brazil) _xISSN 0102-0935 _g(Apr 2001), v. 53(2) p. 162-163 _wBR0200287 |
|
| 909 |
_a202311 _bLúcia _c55 _dLúcia Elande |
||
| 942 |
_2AGRIS _n0 _cANA |
||
| 999 |
_c168838 _d168838 |
||